People management and organizations / (Record no. 222260)

MARC details
000 -LEADER
fixed length control field 00603nam a22001937a 4500
005 - DATE AND TIME OF LATEST TRANSACTION
control field 20220407155232.0
008 - FIXED-LENGTH DATA ELEMENTS--GENERAL INFORMATION
fixed length control field 220407b ||||| |||| 00| 0 eng d
022 ## - INTERNATIONAL STANDARD SERIAL NUMBER
Source 9781137605047
040 ## - CATALOGING SOURCE
Transcribing agency AIMIT LIBRARY
082 ## - DEWEY DECIMAL CLASSIFICATION NUMBER
Edition number 1
Classification number 658.3044
Item number SUTA
100 ## - MAIN ENTRY--PERSONAL NAME
Personal name Sutton, Anna.
9 (RLIN) 28317
245 ## - TITLE STATEMENT
Title People management and organizations /
Statement of responsibility, etc. By Anna Sutton.
250 ## - EDITION STATEMENT
Edition statement 1st ed.
260 ## - PUBLICATION, DISTRIBUTION, ETC.
Place of publication, distribution, etc. United Kingdom :
Name of publisher, distributor, etc. Macmillan ,
Date of publication, distribution, etc. 2018
300 ## - PHYSICAL DESCRIPTION
Extent xxv,323p. ;
Dimensions 26 cm
650 ## - SUBJECT ADDED ENTRY--TOPICAL TERM
Topical term or geographic name entry element People Management and Organization.
9 (RLIN) 28315
650 ## - SUBJECT ADDED ENTRY--TOPICAL TERM
Topical term or geographic name entry element Management Relationship.
9 (RLIN) 28316
942 ## - ADDED ENTRY ELEMENTS (KOHA)
Source of classification or shelving scheme Dewey Decimal Classification
Koha item type Book
Edition 1st
Call number prefix 658.3044 SUTA
Holdings
Withdrawn status Lost status Source of classification or shelving scheme Damaged status Not for loan Collection code Home library Current library Date acquired Source of acquisition Cost, normal purchase price Inventory number Total Checkouts Full call number Barcode Date last seen Cost, replacement price Price effective from Koha item type
    Dewey Decimal Classification     MBA St Aloysius Institute of Management & Information Technology St Aloysius Institute of Management & Information Technology 04/24/2022 Biblios Book Point 5327.11 Bill no:6621; Bill dt:2022-03-22   658.3044 SUTA MBA14371 05/23/2026 4261.69 04/07/2022 Book